000
00237nam a22000857a 4500
008
161205b xxu||||| |||| 00| 0 eng d
100
_9
1788
_a
Jahagirdar.D.V.
245
_a
Chemical Elements in tha New Age
260
_a
New Delhi
_b
D.National
_c
2003
999
_c
4496
_d
4496